000 00420nam a2200193Ia 4500
008 101110s9999 xx 000 0 und d
041 _aENGLISH
082 _bSR21537
_a822.009
100 _aLall Ramji (Ed.)
245 _aAll My Sons
365 _b40
520 _aEnglish
546 _aENGLISH
630 _aAll My Sons
650 _aEnglish
655 _aEnglish
730 _aAll My Sons
942 _cBOOK
999 _c814405
_d814402